000 00691 a2200193 4500
010 _aENG-88280
020 _c200.00
_a8177111620
035 _aEN-71813
037 _bDBAD / PUB
082 1 4 _a320.954
090 _c8132
_d8132
245 1 _aIndia:
_cedited by K. S. Rajora
_bthe changing perspective/
260 _aJaipur
_bSahityagar
_c2007
270 _aDhamani Market Ki Gali, Chaura Rasta
_bJaipur
_e302 003
_k0141-2310785, 0141-2322382
300 _a119 p.
_c22cm (Hb.)
700 1 _aRajora, K. S.
942 _adpl
_cEN
_k320.954 / IND
999 _c7985
_d7985